00940nam a2200265Ia 450000500170000000800410001702000180005804000180007604100080009408200210010210000260012324501340014925000120028326000440029530000340033965000340037365000410040765000240044865000470047265000370051965000240055665000360058065000340061670000240065020220721151700.0210716s2009 xx 000 0 und d a9788131723241 cAIMIT LIBRARY aeng a006.34 21bKARF aKarray, Fakhreddine O aSoft computing and intelligent systems design : bTheory tools and applications /cBy Fakhreddine O. Karray and Clarence De Silva a1st ed. aNew Delhi :bPearson Education ,c2009. axxiv, 560p. ;bPB :c24.5 cm. aFuzzy Logic and Fuzzy Control aFundamentals of Fuzzy logic systems  aFuzzy Logic control aFundamentals of artificial neural networks aMajor classes of neural networks aNeuro-fuzzy systems aEvolutionary and soft computing aApplications and case studies aSilva, Clarence De.